|
|
|
|
| LEADER |
00000nab a2200000 a 4500 |
| 001 |
vtls000378759 |
| 003 |
SK-MaSNL |
| 005 |
20260302223848.0 |
| 008 |
160202c1990 xo 0 cze |
| 015 |
|
|
|a SNBRB19rr/mm-uuuuu
|
| 035 |
|
|
|a CL0378881
|
| 040 |
|
|
|a SNKBUCL
|b slo
|c SNKBUCL
|e AACR2
|
| 041 |
0 |
|
|a cze
|
| 044 |
|
|
|a xo
|c SK
|
| 080 |
|
|
|a 684.4:339.174
|2 1981
|
| 080 |
|
|
|a 339.174
|2 1981
|
| 100 |
1 |
|
|a Müller, Willi
|4 aut
|9 936844
|
| 245 |
1 |
0 |
|a Ze švýcarského nábytkářského veletrhu Bern 89
|c Willi Müller ; Václav Sehnal
|
| 300 |
|
|
|b Obr. 4.
|
| 650 |
0 |
7 |
|a Švajčiarsky nábytkársky veľtrh 1989, Bern
|2 snkbucl
|9 954186
|
| 650 |
0 |
7 |
|a nábytok
|2 snkbucl
|9 3744
|
| 655 |
|
7 |
|a články z novín a časopisov
|2 snkbucl
|9 267496
|
| 700 |
1 |
|
|a Sehnal, Václav
|4 trl
|9 270687
|
| 773 |
0 |
|
|t Drevo
|g Roč. 45, č. 3 (1990), s. 80-81
|
| 850 |
|
|
|a Slovenská národná knižnica v Martine
|a MTA001
|
| 852 |
|
|
|a SNK
|b KIS3GCP
|
| 958 |
|
|
|a RK
|
| 958 |
|
|
|a CZ
|
| 992 |
|
|
|a RBX
|
| 999 |
|
|
|c 1522017
|d 1523947
|